The Life and history of the Right Honourable Henry St. John, Lord Visc. Bolingbroke : Containing, the whole series of his conduct from his first entrance into Parliament, to the death of Queen Anne, and from thence to the end of his life. In which the publick transactions of those times are set in a clear light, and His Lordship's conduct during the negotiations of the famous Treaty of Utrecht, impartially stated. With many curious anecdotes of court intrigues and ministerial stratagems, practised by the two contending parties, Whig and Tory, as each of them prevailed during the course of that reign. Likewise some account of His Lordship's degradation, his attainder, his exile and restauration. Faithfully collected from the histories, memorials, records and annals of those times. To which is prefixed, His Lordship's effigy, curiously engraved.

Bibliographic Details
Corporate Author: Gale (Firm)
Format: eBook
Language:English
Published: London : Printed for M. Cooper, in Pater-noster-row; and C. Sympson, at the Bible-warehouse, Chancery-lane, Fleet-street, MDCCLIV. [1754]
Subjects:
Online Access:Connect to the full text of this electronic book

MARC

Tag First Indicator Second Indicator Subfields
LEADER 00000cam a2200000 4500
001 in00003843708
005 20190415182706.0
006 m o d
007 cr |n||||||||n
008 840817s1754 enk|||| o 00| ||eng c
035 |a (CU-RivES)N11297 
035 |a (Uk-ES)006001478 
035 |a (OCoLC)507971584 
040 |a CU-RivES  |c CU-RivES  |d CU-RivES  |d CStRLIN  |d CU-RivES  |d Cengage Gale  |d UtOrBLW 
050 4 |a AC901  |b .T445 1754 
245 0 4 |a The Life and history of the Right Honourable Henry St. John, Lord Visc. Bolingbroke :  |b Containing, the whole series of his conduct from his first entrance into Parliament, to the death of Queen Anne, and from thence to the end of his life. In which the publick transactions of those times are set in a clear light, and His Lordship's conduct during the negotiations of the famous Treaty of Utrecht, impartially stated. With many curious anecdotes of court intrigues and ministerial stratagems, practised by the two contending parties, Whig and Tory, as each of them prevailed during the course of that reign. Likewise some account of His Lordship's degradation, his attainder, his exile and restauration. Faithfully collected from the histories, memorials, records and annals of those times. To which is prefixed, His Lordship's effigy, curiously engraved. 
264 1 |a London :  |b Printed for M. Cooper, in Pater-noster-row; and C. Sympson, at the Bible-warehouse, Chancery-lane, Fleet-street,  |c MDCCLIV. [1754] 
300 |a 1 online resource (4 unnumbered pages, 104 pages, plate) :  |b portrait ; 
336 |a text  |b txt  |2 rdacontent 
337 |a computer  |b c  |2 rdamedia 
338 |a online resource  |b cr  |2 rdacarrier 
500 |a Price on title page: (Price One Shilling and Six-pence.) 
510 4 |a English Short Title Catalog,  |c N11297. 
500 |a Reproduction of original from British Library. 
500 |a Electronic resource. 
600 1 0 |a Bolingbroke, Henry St. John,  |c Viscount,  |d 1678-1751.  |0 http://id.loc.gov/authorities/names/n79134159 
655 7 |a Electronic books.  |2 local 
710 2 |a Gale (Firm)  |0 http://id.loc.gov/authorities/names/no2008071348 
752 |a Great Britain  |b England  |d London. 
856 4 0 |u http://proxy.library.tamu.edu/login?url=http://find.galegroup.com/ecco/infomark.do?contentSet=ECCOArticles&docType=ECCOArticles&bookId=1492200900&type=getFullCitation&tabID=T001&prodId=ECCO&docLevel=TEXT_GRAPHICS&version=1.0&source=library&userGroupName=txshracd2898  |z Connect to the full text of this electronic book  |t 0 
999 f f |s 4e94334b-af61-33e2-8a7e-d91875337364  |i 992d4b99-913f-3e8b-a071-bd364c392652  |t 0 
952 f f |a Texas A&M University  |b College Station  |c Electronic Resources  |d Available Online  |t 0  |e AC901 .T445 1754  |h Library of Congress classification 
998 f f |a AC901 .T445 1754  |t 0  |l Available Online